[Event "Luxembourg-chT 1415"]
[Site "Luxembourg"]
[Date "2015.03.29"]
[Round "10"]
[White "Cosic, Mehmedalija"]
[Black "Hoffmann, Mathieu"]
[Result "0-1"]
[WhiteElo "1603"]
[BlackElo "1819"]
[PlyCount "68"]
[EventDate "2014.10.05"]
[EventType "team-tourn"]
[EventRounds "10"]
[EventCountry "LUX"]
[SourceTitle "EXT 2017"]
[Source "ChessBase"]
[SourceDate "2016.10.25"]
[SourceVersion "1"]
[SourceVersionDate "2016.10.25"]
[SourceQuality "1"]

1. g3 d5 2. Bg2 Nf6 3. d4 e6 4. Bg5 c5 5. Nf3 Nc6 6. c3 h6 7. Bxf6 Qxf6 8. 0-0 cxd4 9. Nxd4 Bd6 10. e4 Be5 11. Nxc6 bxc6 12. Qa4 Bd7 13. f4 Bc7 14. Nd2 Rb8 15. Qc2 h5 16. e5 Bb6+ 17. Kh1 Qe7 18. Nf3 Qc5 19. b4 Qe7 20. a4 a5 21. bxa5 Bxa5 22. Rab1 0-0 23. c4 Qc5 24. Rbc1 Rb4 25. Rfd1 Rxc4 26. Qxc4 dxc4 27. Rxd7 c3 28. Rdd1 c2 29. Rf1 Rd8 30. h4 Bd2 31. Nxd2 Rxd2 32. Kh2 Qc4 33. a5 Qe2 34. Rg1 Rd1 0-1

[Event "Luxembourg-ch"]
[Site "Luxembourg"]
[Date "1999.04.11"]
[Round "9"]
[White "Berck, Jean Michel"]
[Black "Cosic, Mehmedalija"]
[Result "1/2-1/2"]
[WhiteElo "1625"]
[BlackElo "1728"]
[PlyCount "46"]
[EventDate "1999.04.03"]
[EventType "swiss"]
[EventRounds "9"]
[EventCountry "LUX"]
[SourceTitle "EXT 2005"]
[Source "ChessBase"]
[SourceDate "2004.11.15"]
[SourceVersion "1"]
[SourceVersionDate "2004.11.15"]
[SourceQuality "1"]

1. Nf3 g6 2. g3 Bg7 3. Bg2 Nf6 4. 0-0 Nc6 5. d3 d5 6. Nbd2 Be6 7. e4 Qd7 8. e5 Ng4 9. d4 Nh6 10. Re1 Bg4 11. Nb3 b6 12. c3 Nd8 13. Bf4 Ne6 14. Qd2 Nf5 15. h3 Bxf3 16. Bxf3 Nxf4 17. Qxf4 h5 18. Qd2 c6 19. Qe2 g5 20. Bg2 Qe6 21. a4 a5 22. Nd2 h4 23. g4 Nh6 1/2-1/2

[Event "Luxembourg-ch"]
[Site "Luxembourg"]
[Date "1999.04.06"]
[Round "4"]
[White "Steil, Raymond"]
[Black "Cosic, Mehmedalija"]
[Result "0-1"]
[WhiteElo "1601"]
[BlackElo "1728"]
[PlyCount "92"]
[EventDate "1999.04.03"]
[EventType "swiss"]
[EventRounds "9"]
[EventCountry "LUX"]
[SourceTitle "EXT 2005"]
[Source "ChessBase"]
[SourceDate "2004.11.15"]
[SourceVersion "1"]
[SourceVersionDate "2004.11.15"]
[SourceQuality "1"]

1. d4 g6 2. Nf3 Bg7 3. e3 d6 4. g3 Bg4 5. Bg2 c6 6. 0-0 Nf6 7. c4 Na6 8. Nc3 Qd7 9. Qc2 h5 10. e4 Bxf3 11. Bxf3 h4 12. e5 Ng4 13. Bxg4 Qxg4 14. Qd1 Qxd1 15. Rxd1 dxe5 16. Be3 exd4 17. Bxd4 Bxd4 18. Rxd4 hxg3 19. fxg3 Nb4 20. Rad1 f6 21. Rd7 Rb8 22. a3 Na6 23. b4 Kf7 24. b5 cxb5 25. Nxb5 Nc5 26. Rc7 Ne6 27. Rcd7 Rhd8 28. Nd6+ Kf8 29. Nxb7 Rxd7 30. Rxd7 Ke8 31. Nc5 Nxc5 32. Rxa7 Rb7 33. Rxb7 Nxb7 34. Kf2 Kd7 35. Ke3 Kd6 36. h4 Na5 37. Kd3 Kc5 38. g4 Nxc4 39. h5 Ne5+ 40. Ke4 gxh5 41. gxh5 e6 42. h6 Ng6 43. h7 f5+ 44. Ke3 e5 45. Kf3 Kc4 46. Ke3 Kb3 0-1